| 000 | 00446nam a2200169 a 4500 | ||
|---|---|---|---|
| 001 | 3186 | ||
| 005 | 20140414131913.0 | ||
| 008 | 060202s19uu xx 00 eng d | ||
| 020 | _a043998719-9 | ||
| 050 |
_aER _bG54 2000 |
||
| 100 | _aReid, Barbara | ||
| 245 |
_aGolden goose, The / _cBarbara Reid. |
||
| 260 |
_aCanada : _bNorth Winds Press, _c2000. |
||
| 300 | _a30 p. ; cm. | ||
| 650 |
_aGoose _xFiction _xChildren stories. |
||
| 999 |
_c111331 _d111331 |
||